000 00336 a2200157 4500
001 61114
020 _a9780194379267
040 _cAnchieta - Pituba
100 _aSoars, Liz
240 1 0 _aAmerican headway
_lIng
245 1 0 _aAmerican headway
300 _a153
362 0 _a2001
650 4 _aInglês e inglês antigo
942 _cBK
999 _c61114
_d61114